000
00327nam a2200133Ia 4500
008
190216s9999||||xx |||||||||||||| ||und||
100
_a
Gerald M Meier
245
0
_a
Leading Issues In Economic Development
250
_a
4th Ed.
260
_b
Oxford University Press
_c
1964
300
_a
768
650
_a
Economics
942
_c
BK
999
_c
9775
_d
9775